|
|
|
|
| LEADER |
01871cas a2200241 a 4500 |
| 001 |
AALejournalIMF005277 |
| 008 |
230101c9999 xx r poo 0 0eng d |
| 020 |
|
|
|c 5.00 USD
|
| 020 |
|
|
|z 9781451831160
|
| 022 |
|
|
|a 1934-7685
|
| 040 |
|
|
|a BD-DhAAL
|c BD-DhAAL
|
| 110 |
2 |
|
|a International Monetary Fund.
|
| 245 |
1 |
0 |
|a Peru :
|b Third Review and Inflation Consultation Under the Stand-By Arrangement and Request for Waiver of Applicability of Performance Criteria; Staff Report; Staff Supplement; Press Release on the Executive Board Discussion; and Statement by the Executive Director for Peru.
|
| 264 |
|
1 |
|a Washington, D.C. :
|b International Monetary Fund,
|c 2008.
|
| 300 |
|
|
|a 1 online resource (78 pages)
|
| 490 |
1 |
|
|a IMF Staff Country Reports
|
| 500 |
|
|
|a <strong>Off-Campus Access:</strong> No User ID or Password Required
|
| 500 |
|
|
|a <strong>On-Campus Access:</strong> No User ID or Password Required
|
| 506 |
|
|
|a Electronic access restricted to authorized BRAC University faculty, staff and students
|
| 520 |
3 |
|
|a This paper discusses key findings of the Third Review for Peru and Inflation Consultation Under the Stand-By Arrangement. All performance criteria for end-December 2007 and end-March 2008 were observed, but inflation in March exceeded the upper limit of the program's consultation band around the official inflation target range. The end-March structural benchmark was observed and progress has been made on end-June benchmarks. The outlook for 2008 remains favorable, with the economy continuing its strong momentum, as downside global risks are buffered by improvements in fundamentals and prudent policies.
|
| 538 |
|
|
|a Mode of access: Internet
|
| 830 |
|
0 |
|a IMF Staff Country Reports; Country Report ;
|v No. 2008/258
|
| 856 |
4 |
0 |
|z Full text available on IMF
|u http://elibrary.imf.org/view/journals/002/2008/258/002.2008.issue-258-en.xml
|z IMF e-Library
|